000 00621nam a2200229Ia 4500
003 OSt
005 20220928105901.0
006 a|||||r|||| 00| 0
007 ta
008 220927b |||||||| |||| 00| 0 eng d
024 _a51386
037 _cTextual
040 _aSDCL
_cSDCL
_beng
041 _2eng
_aeng
082 _aR325, J1
100 _aVon Mises Richard
_9417225
245 0 _aPositivism
_b A study in human understanding.
260 _aNew York
_b Dover Publications
_c1951
300 _a403p
_ccm.
942 _hR325, J1
_cTEXL
_2CC
999 _c733212
_d733212